Landscape Planning Approach For Holistic Conservation In Bhimashankar Wildlife Sanctuary With Focus On Nigdale,Bhorgiri,Bhomale Villages (Record no. 361440)

MARC details
000 -LEADER
fixed length control field 00366nam a2200097Ia 4500
008 - FIXED-LENGTH DATA ELEMENTS--GENERAL INFORMATION
fixed length control field 241105s9999 xx 000 0 und d
041 ## - LANGUAGE CODE
Language code of text/sound track or separate title eng
100 ## - MAIN ENTRY--PERSONAL NAME
Personal name Chaudhari Tanvi
9 (RLIN) 183145
245 ## - TITLE STATEMENT
Title Landscape Planning Approach For Holistic Conservation In Bhimashankar Wildlife Sanctuary With Focus On Nigdale,Bhorgiri,Bhomale Villages
260 ## - PUBLICATION, DISTRIBUTION, ETC. (IMPRINT)
Name of publisher, distributor, etc. BNCA M Arch LA, Pune
Date of publication, distribution, etc. 2017

No items available.